France ou Allemagne - Statistiques

Statistiques générales
  • Ce quiz a été pris 169 fois
  • Le résultat moyen est 12 sur 15
Statistiques - réponses
Question Réponse % Correct
À quel pays appartient l'Alsace-Lorraine? France
100%
Quel pays possède encore des territoires d’outre-mer? France
100%
Quel pays a un littoral plus long? France
97%
Dans quel pays boit-on plus de vin? France
97%
À quel pays appartient la Sarre ? Allemagne
94%
Quel pays avait une colonie dans la Namibie moderne? Allemagne
91%
Quel pays a le plus grand PIB par habitant? Allemagne
88%
Quel pays a le plus de population? Allemagne
84%
Quel pays a accueilli les jeux olympiques plus de fois? France
81%
Quel pays avait un empire plus grand? France
81%
Quel pays a le plus de PIB? Allemagne
78%
Quel pays a eu le plus de succès dans l’histoire du football international? Allemagne
75%
Quel pays est plus grand en superficie? France
75%
Quel pays a le plus grand pourcentage de chrétiens? France
56%
Quel pays a un taux d’inflation plus élevé? Allemagne
19%
Aucun quiz correspondant
Distribution des résultats
% des personnes avec chaque résultat
Percentile par nombre de réponses
Votre historique - résultats
Vous n’avez pas pris ce quiz